[Event "Tehran Paytakht Cup 1st"]
[Site "Tehran"]
[Date "2016.10.27"]
[Round "3"]
[White "Dalir, Alireza"]
[Black "Firouzja, Alireza"]
[Result "0-1"]
[WhiteElo "2296"]
[BlackElo "2469"]
[PlyCount "69"]
[EventDate "2016.10.25"]
[EventType "swiss"]
[EventRounds "9"]
[EventCountry "IRI"]
[SourceTitle "EXT 2018"]
[Source "ChessBase"]
[SourceDate "2017.10.13"]
[SourceVersion "1"]
[SourceVersionDate "2017.10.13"]
[SourceQuality "1"]

1. c4 c5 2. g3 g6 3. Bg2 Bg7 4. Nc3 Nc6 5. Nf3 e5 6. 0-0 d6 7. a3 Nge7 8. b4 e4 9. Ng5 h6 10. Ngxe4 f5 11. bxc5 fxe4 12. cxd6 Qxd6 13. Nxe4 Qe6 14. Rb1 0-0 15. d3 b6 16. Bb2 Bxb2 17. Rxb2 Qe5 18. Qd2 Be6 19. Rfb1 Kh7 20. f4 Qg7 21. e3 Rfd8 22. Qe2 Rac8 23. h3 Ng8 24. c5 bxc5 25. Nxc5 Bd5 26. Rb7 Nge7 27. d4 Kh8 28. Bxd5 Rxd5 29. Nd3 Qf6 30. Ne5 Nxe5 31. fxe5 Qg5 32. Qf3 Nf5 33. Qf4 Qxf4 34. gxf4 Nxe3 35. Rb8 0-1

[Event "IRI-chT 14th"]
[Site "Tehran"]
[Date "2015.11.12"]
[Round "11.3"]
[White "Dalir, Alireza"]
[Black "Vojdani, Siavosh"]
[Result "1-0"]
[WhiteElo "2297"]
[BlackElo "2125"]
[PlyCount "89"]
[EventDate "2015.07.17"]
[EventType "team-tourn"]
[EventRounds "13"]
[EventCountry "IRI"]
[SourceTitle "EXT 2017"]
[Source "ChessBase"]
[SourceDate "2016.10.25"]
[SourceVersion "1"]
[SourceVersionDate "2016.10.25"]
[SourceQuality "1"]
[WhiteTeam "Pardis Park Fanavari"]
[BlackTeam "Nasouz Azarakhsh"]
[WhiteTeamCountry "IRI"]
[BlackTeamCountry "IRI"]

1. Nf3 d5 2. d4 Nf6 3. c4 e6 4. Nc3 Be7 5. Bg5 h6 6. Bh4 0-0 7. e3 b6 8. cxd5 Nxd5 9. Bxe7 Qxe7 10. Nxd5 exd5 11. Rc1 Be6 12. Bd3 c5 13. 0-0 Nd7 14. h3 c4 15. Bb1 Nf6 16. Ne5 Rfc8 17. f4 b5 18. Qf3 a5 19. g4 Ra7 20. f5 Bd7 21. h4 Ne4 22. Bxe4 dxe4 23. Qg3 f6 24. Ng6 Qd8 25. g5 Kh7 26. Rc2 Ra6 27. gxh6 gxh6 28. Rg2 Qg8 29. Qf4 Qf7 30. Kh1 Rg8 31. Rfg1 Raa8 32. Nf8+ Qxf8 33. Rxg8 Qxg8 34. Rxg8 Rxg8 35. Qxe4 b4 36. Qd5 Rg7 37. e4 Be8 38. Qxc4 Bh5 39. Qd3 Rg4 40. d5 Rxh4+ 41. Kg2 Rg4+ 42. Kh3 Rf4 43. d6 Rf3+ 44. Qxf3 Bxf3 45. d7 1-0

[Event "Avicenna op 12th"]
[Site "Hamedan"]
[Date "2015.09.07"]
[Round "9"]
[White "Korneev, Oleg"]
[Black "Dalir, Alireza"]
[Result "1-0"]
[WhiteElo "2578"]
[BlackElo "2297"]
[PlyCount "161"]
[EventDate "2015.09.02"]
[EventType "swiss"]
[EventRounds "11"]
[EventCountry "IRI"]
[SourceTitle "EXT 2016"]
[Source "ChessBase"]
[SourceDate "2015.10.08"]
[SourceVersion "1"]
[SourceVersionDate "2015.10.08"]
[SourceQuality "1"]

1. e4 c5 2. Nf3 d6 3. Bb5+ Bd7 4. Bxd7+ Qxd7 5. 0-0 Nf6 6. Re1 Nc6 7. c3 e6 8. d4 cxd4 9. cxd4 d5 10. e5 Ne4 11. Nbd2 Nxd2 12. Bxd2 Be7 13. Rc1 0-0 14. Rc3 f6 15. exf6 Rxf6 16. Qe2 Raf8 17. Re3 Bd6 18. Bc3 Nd8 19. a3 Bf4 20. Rd3 Nc6 21. Bd2 Bd6 22. Bg5 Rg6 23. Bh4 Rf4 24. Bg3 Re4 25. Qd1 Bxg3 26. hxg3 Rgg4 27. Rd2 Qd8 28. Rxe4 Rxe4 29. b4 a6 30. Rd3 h6 31. Qd2 Qb6 32. Re3 Rxe3 33. Qxe3 e5 34. Qb3 exd4 35. Qxd5+ Kh8 36. Qd6 a5 37. Qf8+ Kh7 38. Qf5+ Kh8 39. Qf8+ Kh7 40. Qf5+ Kh8 41. b5 Ne7 42. Qd7 Qc5 43. Qxb7 Qxa3 44. b6 d3 45. Qc7 Qa1+ 46. Kh2 Qf6 47. b7 Nc6 48. Qxc6 Qxc6 49. b8Q+ Kh7 50. Qd8 Qb5 51. g4 a4 52. Qd6 Qc4 53. g5 Qe4 54. Ne5 Qf4+ 55. Kg1 Qc1+ 56. Kh2 Qf4+ 57. Kh3 Qxg5 58. Qxd3+ Kg8 59. Qd5+ Kh7 60. Qd3+ Kg8 61. Qd5+ Kh7 62. Qe4+ Kg8 63. Qc4+ Kh7 64. f4 Qh5+ 65. Kg3 Qd1 66. Qe4+ Kg8 67. Qa8+ Kh7 68. Qe4+ Kg8 69. f5 Qb3+ 70. Kh2 Qb8 71. f6 a3 72. f7+ Kf8 73. Qd5 g5 74. Kh3 g4+ 75. Kh4 Kg7 76. Qe6 Qd8+ 77. Kg3 Qf8 78. Qg6+ Kh8 79. Qf6+ Kh7 80. Qg6+ Kh8 81. Nd7 1-0

[Event "Avicenna op 12th"]
[Site "Hamedan"]
[Date "2015.09.07"]
[Round "8"]
[White "Maghsoodloo, Parham"]
[Black "Dalir, Alireza"]
[Result "0-1"]
[WhiteElo "2447"]
[BlackElo "2297"]
[PlyCount "102"]
[EventDate "2015.09.02"]
[EventType "swiss"]
[EventRounds "11"]
[EventCountry "IRI"]
[SourceTitle "EXT 2016"]
[Source "ChessBase"]
[SourceDate "2015.10.08"]
[SourceVersion "1"]
[SourceVersionDate "2015.10.08"]
[SourceQuality "1"]

1. c4 Nf6 2. Nc3 c5 3. g3 g6 4. Bg2 Bg7 5. e3 0-0 6. Nge2 Nc6 7. 0-0 d6 8. a3 Rb8 9. Rb1 e5 10. b4 Be6 11. Qb3 Ne7 12. Nd5 cxb4 13. axb4 b5 14. Nec3 bxc4 15. Qxc4 Qd7 16. Nxf6+ Bxf6 17. Qe2 d5 18. Ba3 Rfc8 19. Rfc1 e4 20. b5 Rc4 21. Qd1 Nc8 22. Bf1 Bg4 23. Qb3 Nb6 24. Nxd5 Qxd5 25. Bxc4 Nxc4 26. Qxc4 Qf5 27. Qc7 Be5 28. Bd6 Re8 29. Qc6 Rd8 30. Bxe5 Qxe5 31. Qc7 Qd5 32. Qf4 Bf3 33. Rb2 Qe6 34. Qh4 Rd5 35. Rc6 Qd7 36. Rbc2 Rxb5 37. R6c3 Qxd2 38. Rc8+ Kg7 39. Rc1 Rb2 40. Rf1 Qd3 41. Rcc1 Qd7 42. Rc5 Rd2 43. h3 Rd1 44. Rc1 Rd5 45. g4 h5 46. Qg3 hxg4 47. h4 Rh5 48. Rc7 Qd8 49. Qf4 Qf6 50. Qxf6+ Kxf6 51. Rc6+ Kg7 0-1

[Event "Rasht Khazar op 12th"]
[Site "Rasht"]
[Date "2014.02.17"]
[Round "8"]
[White "Mousavi, Seyed Khalil"]
[Black "Dalir, Alireza"]
[Result "1-0"]
[WhiteElo "2323"]
[BlackElo "2206"]
[PlyCount "53"]
[EventDate "2014.02.11"]
[EventType "swiss"]
[EventRounds "9"]
[EventCountry "IRI"]
[SourceTitle "CBM 158 Extra"]
[Source "ChessBase"]
[SourceDate "2014.02.28"]
[SourceVersion "1"]
[SourceVersionDate "2014.02.28"]
[SourceQuality "1"]

1. Nf3 Nf6 2. c4 e6 3. g3 d5 4. Bg2 Be7 5. 0-0 0-0 6. d4 Nbd7 7. Qc2 c6 8. Nbd2 b6 9. e4 Bb7 10. e5 Ne8 11. b3 Rc8 12. Bb2 Nc7 13. Rad1 c5 14. dxc5 Bxc5 15. h4 h6 16. Qb1 Qe7 17. Ne1 b5 18. cxd5 Nxd5 19. Ne4 b4 20. Nd3 Nc3 21. Bxc3 Bxe4 22. Bxb4 Bxd3 23. Qxd3 Bxb4 24. Qxd7 Rc2 25. Qa4 Qc5 26. Rd6 Bc3 27. b4 1-0

[Event "Rasht Khazar op 12th"]
[Site "Rasht"]
[Date "2014.02.12"]
[Round "2"]
[White "Barsov, Alexei"]
[Black "Dalir, Alireza"]
[Result "1/2-1/2"]
[WhiteElo "2524"]
[BlackElo "2206"]
[PlyCount "53"]
[EventDate "2014.02.11"]
[EventType "swiss"]
[EventRounds "9"]
[EventCountry "IRI"]
[SourceTitle "CBM 158 Extra"]
[Source "ChessBase"]
[SourceDate "2014.02.28"]
[SourceVersion "1"]
[SourceVersionDate "2014.02.28"]
[SourceQuality "1"]

1. d4 Nf6 2. Nf3 e6 3. c4 b6 4. g3 Ba6 5. Qa4 Bb7 6. Bg2 c5 7. dxc5 bxc5 8. 0-0 Be7 9. Nc3 0-0 10. Rd1 Qb6 11. Bf4 d6 12. Rd2 h6 13. h3 e5 14. Be3 Nc6 15. Nh2 Nd4 16. Ng4 Nh5 17. Qd7 Bxg2 18. Kxg2 Qd8 19. Qxd8 Bxd8 20. Nh2 Ba5 21. g4 Nf6 22. Nf1 Rfb8 23. Rc1 Rb4 24. b3 Rb6 25. Ng3 Bxc3 26. Rxc3 a5 27. f4 1/2-1/2

[Event "Wch U16"]
[Site "Kemer"]
[Date "2009.11.22"]
[Round "11"]
[White "Dalir, Alireza"]
[Black "Uzun, Sarp"]
[Result "1-0"]
[WhiteElo "2133"]
[BlackElo "1953"]
[PlyCount "33"]
[EventDate "2009.11.12"]
[EventType "swiss"]
[EventRounds "11"]
[EventCountry "TUR"]
[SourceTitle "EXT 2010"]
[Source "ChessBase"]
[SourceDate "2010.11.25"]
[SourceVersion "1"]
[SourceVersionDate "2010.11.25"]
[SourceQuality "1"]

1. d4 Nf6 2. c4 e6 3. g3 d5 4. Bg2 b6 5. Nf3 Bb7 6. Nc3 c6 7. 0-0 Bd6 8. b3 0-0 9. Qc2 Qe7 10. Bb2 Nbd7 11. e4 dxe4 12. Nxe4 Nxe4 13. Qxe4 Nf6 14. Qc2 c5 15. dxc5 Bxc5 16. Ng5 g6 17. Bxb7 1-0

[Event "Wch U16"]
[Site "Kemer"]
[Date "2009.11.21"]
[Round "10"]
[White "Grandelius, Nils"]
[Black "Dalir, Alireza"]
[Result "1-0"]
[WhiteElo "2540"]
[BlackElo "2133"]
[PlyCount "51"]
[EventDate "2009.11.12"]
[EventType "swiss"]
[EventRounds "11"]
[EventCountry "TUR"]
[SourceTitle "EXT 2010"]
[Source "ChessBase"]
[SourceDate "2010.11.25"]
[SourceVersion "1"]
[SourceVersionDate "2010.11.25"]
[SourceQuality "1"]

1. d4 Nf6 2. c4 e6 3. Nf3 b6 4. g3 Ba6 5. Qc2 Bb7 6. Bg2 Be7 7. Nc3 d5 8. Ne5 0-0 9. 0-0 Na6 10. Rb1 c6 11. e4 Nc7 12. Bf4 Bb4 13. Bg5 Be7 14. Rbc1 h6 15. Bf4 Bb4 16. Ne2 Rc8 17. c5 bxc5 18. a3 Ba5 19. dxc5 Na8 20. Nd4 Qe8 21. Qa4 Bc7 22. Qxa7 Rb8 23. exd5 Nxd5 24. Bxd5 cxd5 25. c6 Bc8 26. Nd7 1-0

[Event "Wch U16"]
[Site "Kemer"]
[Date "2009.11.13"]
[Round "2"]
[White "Dalir, Alireza"]
[Black "Bures, Jaroslav"]
[Result "1-0"]
[WhiteElo "2133"]
[BlackElo "2300"]
[PlyCount "71"]
[EventDate "2009.11.12"]
[EventType "swiss"]
[EventRounds "11"]
[EventCountry "TUR"]
[SourceTitle "EXT 2010"]
[Source "ChessBase"]
[SourceDate "2010.11.25"]
[SourceVersion "1"]
[SourceVersionDate "2010.11.25"]
[SourceQuality "1"]

1. d4 Nf6 2. c4 e6 3. g3 d5 4. Bg2 Bb4+ 5. Bd2 Be7 6. Qc2 0-0 7. Nf3 c6 8. 0-0 Nbd7 9. b3 b6 10. Rd1 Ba6 11. Bf4 Rc8 12. a4 Nh5 13. Bc1 Nhf6 14. Bf4 Re8 15. a5 b5 16. c5 Nh5 17. Bc1 b4 18. Ne5 Nxe5 19. dxe5 g6 20. Bb2 Rb8 21. Bd4 Ng7 22. e3 Nf5 23. Nd2 Qc8 24. Nf3 Bd8 25. Bf1 Bxf1 26. Rxf1 a6 27. Ra4 Rb5 28. Rfa1 h5 29. Ne1 Re7 30. Nd3 Reb7 31. h4 Be7 32. Kg2 Qd8 33. Qd2 Bxh4 34. gxh4 Nxh4+ 35. Kf1 Qg5 36. f4 1-0